00310 a2200133 4500003000400000005001700004008004100021040000900062082001500071100001300086245003600099260003300135300000800168OSt20240110135814.0240110b |||||||| |||| 00| 0 eng d coclc a297bUSM/W aUsman, M aWho Created You? /cDr. M Usman aKerala:bDa'wa books,c2004. a51p